| 000 | 00635 a2200205 4500 | ||
|---|---|---|---|
| 003 | sjds | ||
| 005 | 20250526035052.0 | ||
| 008 | 250526b |||||||| |||| 00| 0 spa d | ||
| 020 | _a9789992467312 | ||
| 020 | _a9992467312 | ||
| 040 | _csjds | ||
| 041 | _aspa | ||
| 100 | _aDario, Ruben | ||
| 245 |
_aDel tropico / _cRuben Dario ; ilustraciones de Omar Narvaez. |
||
| 260 |
_a[Managua] : _bFondo Editorial Libros para Ninos, _c2011. |
||
| 300 |
_a14 unnumbered pages : _b color illustrations ; _c25 cm |
||
| 500 | _aAn illustrated poem evoking a country scene and the beauty of nature | ||
| 700 | _aNarvaez, Omar | ||
| 942 | _cBK | ||
| 999 |
_c13982 _d13982 |
||